000 01544nam a2200373 i 4500
001 193734
003 ES-MaACL
005 20240209063133.0
007 ta
008 240207s1912||||fr a frb 000 0 fre d
035 _a(OCoLC)32124791
035 _aocm32124791
035 _a023057157
040 _aABES
_bfre
_eAFNOR
_cES-MaACL
100 _aBarbillion, Louis,
_d1873-1945
_9235043
_eaut
245 1 0 _aTraction électrique par courants continus /
_cpar L. Barbillion,....
264 1 _aParis :
_bLibrairie des Sciences et de l'Industrie :
_bL. Geisler, imprimeur-éditeur,
_c1912.
300 _aIV-193 páginas :
_bIlustraciones ;
_c25 cm.
336 _btxt
_2rdacontent
_atexto
337 _bn
_2rdamedia
_asin mediación
337 _bn
_2isbdmedia
_asin mediación
338 _bnga
_2RDAfrCarrier
_avolumen
490 1 _aEncyclopédie electrotechnique ;
_v[Fasc.] 49
562 _aPage de titre : le titre a été rectifié à la main et le mot "alternatifs" rayé et remplacé par "continus
562 _aOuvrage relié avec 3 autre documents de la collection "Encyclopédie électronique
650 7 _aLocomotoras
_9136444
650 7 _aCorriente continua
_9166025
830 _aEncyclopédie électrotechnique
_v49
_9235039
852 _aEs-MaACL
_bR.M.8256
_jD-8710
_cSVI
_fSello en tinta en portada: "Ateneo de Madrid. Biblioteca"
_9201268
886 2 _2unimarc
_a181
_ai#
_bxxxe##
942 _n0
_cMONOGRAFIA
999 _c193734
_d193734